Periodic Table Sprint - Statistics

General Stats
  • This quiz has been taken 34 times
  • The average score is 24 of 118
Answer Stats
Answer % Correct
Hydrogen
91%
Carbon
82%
Helium
82%
Boron
73%
Lithium
68%
Magnesium
64%
Oxygen
64%
Argon
59%
Beryllium
59%
Fluorine
59%
Iron
59%
Neon
59%
Nitrogen
55%
Sodium
55%
Silver
50%
Potassium
45%
Zinc
45%
Chlorine
41%
Gold
41%
Vanadium
41%
Cobalt
36%
Copper
36%
Krypton
36%
Nickel
36%
Silicon
36%
Aluminum
32%
Bromine
32%
Calcium
32%
Germanium
32%
Iodine
32%
Uranium
32%
Xenon
32%
Arsenic
27%
Gallium
27%
Manganese
27%
Phosphorus
27%
Selenium
27%
Tin
27%
Titanium
27%
Yttrium
27%
Chromium
23%
Scandium
23%
Sulfur
23%
Cesium
18%
Lead
18%
Molybdenum
18%
Niobium
18%
Platinum
18%
Polonium
18%
Actinium
14%
Astatine
14%
Cerium
14%
Iridium
14%
Oganesson
14%
Plutonium
14%
Radon
14%
Roentgenium
14%
Zirconium
14%
Americium
9%
Antimony
9%
Bismuth
9%
Cadmium
9%
Erbium
9%
Francium
9%
Indium
9%
Lanthanum
9%
Lawrencium
9%
Meitnerium
9%
Mercury
9%
Nihonium
9%
Palladium
9%
Radium
9%
Rubidium
9%
Ruthenium
9%
Seaborgium
9%
Strontium
9%
Terbium
9%
Thallium
9%
Ytterbium
9%
Barium
5%
Bohrium
5%
Californium
5%
Curium
5%
Darmstadtium
5%
Dubnium
5%
Dysprosium
5%
Einsteinium
5%
Fermium
5%
Flerovium
5%
Hassium
5%
Neptunium
5%
Praseodymium
5%
Protactinium
5%
Rhenium
5%
Rhodium
5%
Tantalum
5%
Technetium
5%
Tellurium
5%
Tennessine
5%
Thorium
5%
Thulium
5%
Tungsten
5%
Berkelium
0%
Copernicium
0%
Europium
0%
Gadolinium
0%
Hafnium
0%
Holmium
0%
Livermorium
0%
Lutetium
0%
Mendelevium
0%
Moscovium
0%
Neodymium
0%
Nobelium
0%
Osmium
0%
Promethium
0%
Rutherfordium
0%
Samarium
0%
No matching quizzes found
Score Distribution
Percent of People with Each Score
Percentile by Number Answered
Your Score History
You have not taken this quiz